Cultural Unity of Black Africa: The Domains of Patriarchy and of Matriarchy in Classical Antiquity (Record no. 225971)
[ view plain ]
| 000 -LEADER | |
|---|---|
| fixed length control field | 00586nam a22001937a 4500 |
| 005 - DATE AND TIME OF LATEST TRANSACTION | |
| control field | 20221220160158.0 |
| 008 - FIXED-LENGTH DATA ELEMENTS--GENERAL INFORMATION | |
| fixed length control field | 221220b ||||| |||| 00| 0 eng d |
| 020 ## - INTERNATIONAL STANDARD BOOK NUMBER | |
| International Standard Book Number | 0883780496 |
| 040 ## - CATALOGING SOURCE | |
| Transcribing agency | AL |
| 041 ## - LANGUAGE CODE | |
| Language code of text/sound track or separate title | English |
| 082 ## - DEWEY DECIMAL CLASSIFICATION NUMBER | |
| Edition number | 23 |
| Classification number | 306.85 |
| Item number | DIOC |
| 100 ## - MAIN ENTRY--PERSONAL NAME | |
| Personal name | Cheikh Anta Diop |
| 100 ## - MAIN ENTRY--PERSONAL NAME | |
| 9 (RLIN) | 67089 |
| 245 ## - TITLE STATEMENT | |
| Title | Cultural Unity of Black Africa: The Domains of Patriarchy and of Matriarchy in Classical Antiquity |
| 260 ## - PUBLICATION, DISTRIBUTION, ETC. | |
| Place of publication, distribution, etc. | Chicago |
| Name of publisher, distributor, etc. | Third World Press |
| Date of publication, distribution, etc. | 1990 |
| 300 ## - PHYSICAL DESCRIPTION | |
| Extent | 235 p. |
| Other physical details | PB |
| Dimensions | 21x14 cm. |
| 650 ## - SUBJECT ADDED ENTRY--TOPICAL TERM | |
| Topical term or geographic name entry element | Black Africa |
| 9 (RLIN) | 67090 |
| 700 ## - ADDED ENTRY--PERSONAL NAME | |
| Personal name | DIOP (Cheikh Anta) |
| 9 (RLIN) | 67091 |
| 942 ## - ADDED ENTRY ELEMENTS (KOHA) | |
| Source of classification or shelving scheme | Dewey Decimal Classification |
| Koha item type | Donated Books |
| Withdrawn status | Lost status | Source of classification or shelving scheme | Damaged status | Not for loan | Collection code | Home library | Current library | Date acquired | Total Checkouts | Full call number | Barcode | Date last seen | Price effective from | Koha item type | Public note |
|---|---|---|---|---|---|---|---|---|---|---|---|---|---|---|---|
| Dewey Decimal Classification | Sociology | St Aloysius Library | St Aloysius Library | 12/02/2014 | 306.85 DIOC | D05411 | 12/20/2022 | 12/20/2022 | Donated Books | Donated by V.T. Rajshekar |